000 00531nam a22001817a 4500
003 CEME
005 20210628205740.0
008 210316b xxu||||| |||| 00| 0 eng d
020 _a81-85384-16-8
040 _c.
082 _a355.33041 SOD
100 _aSodhi, Harinder.Singh.Brig
_976921
245 _aTop brass a critical appraisal of the indian military leadership
260 _aNOIDA
_bTRISHUL PUBLISATIONS
_c1993
300 _a231P
650 _aINDIAN MILITARY LEADERSHIP-A CRITICAL APPRAISAL
_976922
942 _cBK
_2ddc
999 _c582227
_d582227